| LEADER |
01422nam0a2200205 450 |
| 001 |
16837288 |
| 010 |
|
|
|a 978-2-84563-985-0
|b br.
|d 19,9
|
| 100 |
|
|
|a 20180216d2021 u u0frey01 ba
|
| 101 |
0 |
|
|a fre
|
| 102 |
|
|
|a FR
|
| 200 |
0 |
|
|a silence et la fureur (Le)
|e thriller
|f Natalie Carter, Nicolas d'Estienne d'Orves
|
| 207 |
|
1 |
|a
|
| 210 |
|
|
|a Paris
|c XO
|d 2021
|
| 215 |
|
|
|a 1 vol. (360 p.)
|c ill.
|d 24 cm
|
| 330 |
|
|
|a Un lac perdu de l'Ontario, et au milieu, une petite île escarpée où souffle le vent mauvais du soupçon. Max King, pianiste adulé dans le monde entier, y vit reclus dans sa maison, prisonnier de ses obsessions et de ses cauchemars. Il y a dix ans, un drame l'a condamné au silence : la moindre note sur le clavier provoque en lui d'effrayantes douleurs. Pour cet immense artiste, la musique est devenue un bourreau. Mis à part sa gouvernante, Max King ne voit personne. Ni sa femme Fiona, ni son fils Luke, qui a quitté l'île et que tout le monde surnommait le " petit prince ". Un futur pianiste de génie, comme son père. Le retour de Luke résonnera comme un cataclysme sur cette terre maudite. Et du silence jaillira bientôt la fureur.
|
| 700 |
|
0 |
|a Carter
|b Natalie
|f 1955-....
|4 70
|
| 701 |
|
0 |
|a Estienne d'Orves
|b Nicolas d'
|f 1974-....
|4 70
|
| 900 |
|
|
|a Roman Policier
|
| 901 |
|
|
|a Accessible au prêt
|
| 995 |
|
|
|a Bibliothèque
|c Bibliothèque
|f 024021792
|h 024021792
|k RP CAR
|o p
|q a
|r az
|e Bibliothèque
|